Statistics for Undertale variant quiz

Click here to take the quiz!

General Stats

  • This quiz has been taken 49 times
    (48 since last reset)
  • The average score is 7 of 13

Answer Stats

Variant% Correct
Underfell
89%
Underswap
89%
Undertale
78%
Errortale
68%
Inktale
68%
Horrortale
54%
Aftertale
49%
Outertale
46%
Reapertale
38%
Freshtale
27%
Storyshift
27%
Dancetale
16%
Undertale yellow
5%

Score Distribution

Percentile by Number Answered

Percent of People with Each Score

Your Score History

You have not taken this quiz since the last reset